00722nam a2200205 i 4500001000300000100002100003245008800024260008100112300003300193650001300226655005000239700002300289020001500312020001500327040000800342041000800350080001900358008004100377856009800418bg1 aZAWOJSKA, Aldona10aZbiór zadań z ekonomii z rozwiązaniami /cAldona Zawojska, Alina Daniłowska. aWarszawa :bWydaw. SGGW [Szkoły Głównej Gospodarstwa Wiejskiego],c2002. a163, [1] s. :bil. ;c24 cm. 9aEkonomia aĆwiczenia i zadania dla szkół wyższych1 aDANIŁOWSKA, Alina a8372443076 a8372443076 cBPK0 apol a33(075.8)(076) s pl f |000 0 pol  uhttp://koha.tu.koszalin.pl/cgi-bin/koha/opac-detail.pl?biblionumber=43200yKatalog online BPK